00488nam a2200145Ia 4500008004100000041000800041082001200049100001400061245004500075260004500120300003100165365001100196999001700207952011800224240624s9999 xx 000 0 und d aeng a320 PAI aPAI SUDHA aHANDBOOK OF POLITICS IN INDIAN STATES RE c2013aNew DelhibOxford University Press axix, : 443 : p. : cm. ; 25 cRSb31 c23356d23356 00104070aIMTNbIMTNcRack 5-Bd2014-10-07eAPg1495.00o320 PAIp23356r2024-06-24 00:00:00t1w2024-06-24yBK